• 首页
  • 本馆介绍
  • 公告通知
  • 最新文献
  • 馆藏检索
  • 电子资源
  • 读者导购
  • 参考咨询
  • 我的图书馆
  • 登录
  • 详细信息显示
  • 放入我的书架
  • 预约/预借图书
  • 作者相关作品
  • 分类相关作品
  • 丛书相关作品
  • 出版社相关作品

书目信息

  • 表格格式
  • 工作单格式
  • 卡片格式
题名:
汉字部首字典
    
 
作者: 王延林 编
分册:  
出版信息: 上海   上海书画出版社(朵云轩)  1990
页数: 290页
开本: 20cm
丛书名:
单 册:
中图分类: H123
科图分类:
主题词: 汉字--文字学
电子资源:
ISBN: 7-80512-413-2
000 00539nam0 2200193 450
001 0630487640
005 20061102082907.96
010    @a7-80512-413-2@dCNY9.70
100    @a20061102d1990 km y0chiy0120 ea
101 0  @achi
102    @aCN@b310000
200 1  @a汉字部首字典@Ahan zi bu shou zi dian@f王延林编@Fwang yan lin bian
210    @a上海@c上海书画出版社(朵云轩)@d1990
215    @a290页@d20cm
606 0  @a汉字@x文字学
690    @aH123@v3
701  0 @a王延林@Awang yan lin@4编
801  0 @aCN@bPFT@c20061102
905    @a10447@dH123@e61
    
    汉字部首字典/王延林编.-上海:上海书画出版社(朵云轩),1990
    290页;20cm
    
    
    ISBN 7-80512-413-2:CNY9.70
    
●
相关链接 在E读中查询图书 在五车中查询图书 在当当中查询图书 在豆瓣中查询图书


正题名:汉字部首字典     索取号:H123/61         预约/预借

序号 登录号 条形码 馆藏地/架位号 状态 备注
1 0231705   001560108   第二样本阅览室/ [索取号:H123/61] 在馆    
唐山师范学院图书馆 欢迎您!
大连网信软件有限公司© 版权所有